|
|
|
|
| LEADER |
00000ny a22000003n 4500 |
| 005 |
20110609112148.0 |
| 008 |
000906s2006 sp 001 0 spa d |
| 020 |
|
|
|a 9788495458070
|
| 035 |
|
|
|a 1245
|
| 040 |
|
|
|a SpMaUCDE
|d vLex
|
| 080 |
|
|
|a 351.95(460)
|
| 090 |
|
|
|c 597
|d 597
|
| 100 |
1 |
|
|a Menňdez Sebastiǹ, Eva Mara̕
|
| 245 |
1 |
3 |
|a La cuanta̕ en el recurso contencioso-administrativo
|h [Recurso electrn̤ico]
|b (Ley 29-1998, de 13 de julio) /
|c Eva M® Menňedez Sebastiǹ
|
| 256 |
|
|
|a Servicio en ln̕ea
|
| 260 |
|
|
|a Barcelona :
|b Atelier,
|c 2006
|
| 300 |
|
|
|a p. ;
|c cm
|
| 506 |
1 |
|
|a Contenido solo disponible en los productos indicados
|d vLex Global
|d vLex Global (Academic Edition, excluding Law Schools)
|d vLex Global (U.S. Academic Edition, Law Schools)
|d vLex Global (U.S. Academic Edition, excluding Law Schools)
|d vLex Global (Academic Edition, Law Schools)
|
| 650 |
0 |
7 |
|a Recurso contencioso administrativo
|2 Tesauro vLex
|
| 650 |
0 |
7 |
|a Recursos
|2 Tesauro vLex
|
| 740 |
0 |
|
|a vLex Libros (Servicios en ln̕ea)
|
| 856 |
4 |
0 |
|u http://vlex.com/source/1245
|z Acceso restringido
|
| 942 |
|
|
|c BOOK
|
| 999 |
0 |
|
|a Administrative courts
|b Barcelona
|